=LDR 00000nam 2200000 4500 =001 NUTBA000000000002342 =005 20140612120806.0 =006 =007 =008 =035 ##$$a 0010-061400000000285 =082 ##$$a 374 =100 ##$$a Pusat informasi kesejahteraan rakyat =245 ##$$a pentingnya pendidikan dalam keluarga =260 ##$$a jakarta $b pusat informasi kesejahteraan rakyat $c 2005 =990 ##$$a 21400613/BPAP-NTB/20142014